Một số chuyên đề lịch sử thế giới

LS006

Na minha lista:
Detalhes bibliográficos
Autor principal: Vũ, Dương Ninh
Formato: Livro
Idioma:Undetermined
Publicado em: H. Đại học Quốc gia Hà Nội 2008
Assuntos:
Acesso em linha:http://lrc.tdmu.edu.vn/opac/search/detail.asp?aID=2&ID=4005
Tags: Adicionar Tag
Sem tags, seja o primeiro a adicionar uma tag!
Thư viện lưu trữ: Trung tâm Học liệu Trường Đại học Thủ Dầu Một
LEADER 00925nam a2200205Ia 4500
001 TDMU_4005
008 210410s9999 xx 000 0 und d
082 |a 909 
090 |b V97 
100 |a Vũ, Dương Ninh 
245 0 |a Một số chuyên đề lịch sử thế giới 
245 0 |c Vũ Dương Ninh (ch.b.) và những người khác 
260 |a H. 
260 |b Đại học Quốc gia Hà Nội 
260 |c 2008 
300 |a 602tr. 
520 |a LS006  |d Lịch sử văn minh thế giới; LS003  |d Lịch sử thế giới cổ trung đại; LS107  |d Sự phát triển của các nước Đông Á - Thành tựu và bài học 
650 |a Lịch sử thế giới; Chuyên đề lịch sử 
856 |u http://lrc.tdmu.edu.vn/opac/search/detail.asp?aID=2&ID=4005 
980 |a Trung tâm Học liệu Trường Đại học Thủ Dầu Một